00307nam a2200121Ia 4500008004100000041000900041082001800050100001600068245004200084260004200126300000900168650000800177230718s9999 xx 000 0 und d aEng. a345.54bMAL-T aMaliks S.K. 4aThe Code of Criminals Procedure, 1973 aPakistanbDelight law Publisherc2010 a1763 aLaw